2step - Lyrics - Statistics

General Stats
  • This quiz has been taken 21 times
  • The average score is 40 of 57
Answer Stats
Lyrics % Correct
All my troubles turn to nothing when I'm in your {eyes}
86%
{All} we need is us to go all night
86%
All we need is us to go {all} night
86%
And all we need is us to go {all}
86%
And then we'll go all {night}
86%
Cause we're livin' life at a different {pace}, stuck in a constant race
86%
Help me {get} it of my chest and out
86%
Lose the {conversation} for the message that you'll never read
86%
{Night}, night
86%
{Night}, night
86%
Night, {night}
86%
{Night}, yeah
86%
Oh we had dips and {falls} in our time
86%
Seeing through a picture behind the {screen} and forget to be
86%
{Two-stepping} with the woman I love
86%
Two-stepping with the {woman} I love
86%
Two-stepping with the {woman} I love
86%
You know {you} take all of my stress right down
86%
All we {need} is us
71%
And all we {need} is us to go all
71%
But we know what it feels to be low {then} up, alone then loved
71%
{Electrified},we'll keep turning up and go all night
71%
If we're {missing} out on what the people think is right
71%
I guess I was just {blind} and caught up in the moment
71%
I had a bad {week}
71%
Into the {ether} with the rest of this mess that just keeps us depressed
71%
I think {maybe} you and me
71%
Keep the {pressure} on, you're bound to break
71%
Keep the pressure on, you're {bound} to break
71%
Night, {yeah}
71%
Night, {yeah}
71%
{Something's} got to change
71%
Something's got to {change}
71%
Spent the {evening} pretending it wasn't that deep
71%
Two-stepping with the woman {I} love
71%
We {forget} that we're here right now
71%
We should just be cancelling all our plans, and not give a {damn}
71%
All my troubles turn to {nothing} when I'm in your eyes
57%
And I open my {heart}
57%
{And} we'll go all night
57%
But we know what it feel to be low then up, alone the {loved}
57%
Cause we're living life at a different pace, stuck in a constant {race}
57%
Electrified, we'll keep {turning} up and go all night
57%
Except this {beauty} in her dress right now
57%
Head out to the {place} where it plays
57%
I feel like I got {nothing} left right now
57%
If you don't see it, you should {trust} me
57%
Oh, we had dips and falls in our {time}
57%
She got me feeling like the {best}, and the rest are just less
57%
{Than} she needs so we press play and step to the beat
57%
Two-stepping with the woman I {love}
57%
We should just be {cancelling} all our plans, and not give a damn
57%
What do you {reckon}, is it just me?
57%
Words are {weapons} and occasionally they cut deep
57%
You could see in my eyes that it was {taking} over
57%
{Crisis} of confidence, it tends to come when I feel the dark
43%
{Oh}, we should head out to the place where the music plays
43%
No matching quizzes found
Score Distribution
Percent of People with Each Score
Percentile by Number Answered
Your Score History
You have not taken this quiz